000
00266nam a2200121Ia 4500
008
191201s2017 xx 000 0 und d
100
_a
GANPATHI, S.L
245
0
_a
Logistics Management
260
_b
Oxford
_c
2017
300
_a
582
650
_a
BBA
942
_2
ddc
_c
BK
999
_c
7027
_d
7027